000 00230nam a2200097Ia 4500
008 230915s9999 xx 000 0 und d
050 _aHB171.5.A58 2003
100 _aAntell,Gerson
245 0 _aEconomics For Everybody
942 _cBK
999 _c73037
_d73037